| 000 | 00803nam a2200181Ia 4500 | ||
|---|---|---|---|
| 008 | 0000002004 sp a 0000000000spa00 | ||
| 090 | _aPSP00 S64j | ||
| 100 | 1 | _aSolana, Guillermo | |
| 245 | 1 | 0 |
_aJuan Uslé _b: coágulo y trama _c/ texto Guillermo Solana ; fotografías Bill Orcutt, Christopher Burke ; traducción Lorraine Kerslake |
| 300 |
_a37 p. _c/ 27 cm. |
||
| 500 | _aExposición realizada en la Galería San Lorenzo, Madrid, del 24 de Junio al 24 de Julio 2004 \ Con el patronazgo del maestro venezolano Jesús Rafael Soto (q.e.p.d.) | ||
| 600 | 0 | 0 |
_a USLE, JUAN, 1954/ _xTRABAJOS PICTORICOS |
| 650 | 1 | 4 | _a PINTURA ESPAÑOLA |
| 650 | 1 | 4 | _xCATALOGOS |
| 650 | 1 | 4 | _aPINTORES ESPAÑOLES |
| 650 | 1 | 4 | _aPINTURA MODERNA ESPAÑOLA |
| 999 |
_c82 _d82 |
||
| 260 |
_aMadrid : Galería Soledad Lorenzo _c2004 |
||